True or False: 15 Categories III Quiz Stats

 Plays Quiz Updated Aug 11, 2017

Support Sporcle.
Go Orange.
Score 0/15 Timer 05:00
1 Play Today
Statement 'T' or 'F' % Correct
Entertainment
Kermit the Frog is the host of The Muppet Show.
???
83.1%
Science
Snails and clams are both members of the Mollusca phylum.
???
80.5%
Miscellaneous
Lamborghini has a bull in its logo.
???
68.2%
Religion
There has never been a pope named James.
???
65.8%
Movies
Michael Jordan had a cameo as the captain in Airplane!
???
65.5%
Language
Australia has five official languages.
???
61.1%
Holiday
Kwanzaa is seven days long.
???
59.9%
History
King John placed his seal on Magna Carta in 1215.
???
56.9%
Statement 'T' or 'F' % Correct
Sports
There are seven NHL teams based in Canada.
???
55.6%
Just For Fun
Tiffany Blue is a Crayola crayon color.
???
53.8%
Geography
Bolivia is the only country that borders both Peru and Paraguay.
???
50.7%
Literature
In Dr. Seuss's Green Eggs and Ham, Sam-I-Am says 'I do not like them in a house. I do not like them with a mouse.'
???
43.9%
Music
In music, decrescendo means 'gradually slow down'.
???
42.2%
Gaming
Pikachu was one of the original three Pokémon starters.
???
37.5%
Television
Jay Leno was a weatherman before he became a talk show host.
???
35.6%

You're not logged in!

Compare scores with friends on all Sporcle quizzes.
OR
Log In
Forgot?

From the Vault

Prepositions in Album Titles III

by aduchscher

It's okay, you can admit to learning new prepositions while taking this quiz.
Remove Ads.
Support Sporcle.
Get the best of Sporcle when you Go Orange. This ad-free experience offers more features, more stats, and more fun while also helping to support Sporcle. Thank you for becoming a member.

Show Comments

Extras

Top Quizzes Today


Score Distribution

Your Account Isn't Verified!

In order to create a playlist on Sporcle, you need to verify the email address you used during registration. Go to your Sporcle Settings to finish the process.

Report this User

Report this user for behavior that violates our Community Guidelines.

Details: